| 000 | nam a22 a 4500 | ||
|---|---|---|---|
| 999 |
_c428368 _d428368 |
||
| 003 | BLK | ||
| 005 | 20210813122853.0 | ||
| 008 | 210813b bu |||||r|||| 00| | bu d | ||
| 040 | _aBLK | ||
| 041 |
_aRUS _cRUS |
||
| 080 |
_aРуска литература _b821.161.1 _x.09 _z821.161.1.09 |
||
| 100 |
_9324856 _aДобролюбов, Николай Александрович _eпърви автор |
||
| 139 | _aДобролюбов, Николай Александрович | ||
| 245 |
_aСочинения Н. А. Добролюбова _bТ. 1- 4 _cН. А. Добролюбов _nТ. 2 |
||
| 250 | _a4-е изд. | ||
| 260 |
_9435393 _aСанкт-Петербург _bЛ.Ф. Пантелеев _c1885 |
||
| 300 | _c22 см | ||
| 380 | _a82 | ||
| 490 |
_9435080 _aКолекция Редки и ценни издания |
||
| 500 | _aСодержание томов то же что и в 1-м изд. 1862 г. | ||
| 650 | 0 |
_9259009 _aЛитературна критика |
|
| 760 |
_aДобролюбов, Николай Александрович _dСанкт-Петербург, 1885 _h543 с. _oТ. 2. Современник 1858; Современник 1859 _tСочинения Н. А. Добролюбова |
||
| 852 |
_aРр 885 _bРц |
||
| 942 |
_cKNG _n0 _s1 |
||
| 944 |
_aCR _c2021-08-13 _kА.М. |
||
| 999 | _d428368 | ||
| 999 | _d428368 | ||
| 999 | _d428366 | ||